[Event "Championnat de France des Jeunes - Pupil"]
[Site "TROYES"]
[Date "2010.04.16"]
[Round "7.8"]
[White "Haussernot, Cecile"]
[Black "Bouvet, Florian"]
[Result "1-0"]
[WhiteElo "1949"]
[BlackElo "1665"]
[PlyCount "93"]

1. e4 c5 2. Nc3 Nc6 3. g3 g6 4. Bg2 Bg7 5. d3 e6 6. f4 d6 7. Nf3 Nge7 8. O-O
O-O 9. Be3 Nd4 10. e5 Nef5 11. Bf2 Nxf3+ 12. Bxf3 Nd4 13. Ne4 dxe5 14. fxe5
Bxe5 15. Nxc5 Qc7 16. Nb3 Nxb3 17. axb3 Bxb2 18. Ra4 Bg7 19. Rc4 Qd8 20. Bg2 e5
21. Bc5 Re8 22. Be3 a6 23. Qd2 Rb8 24. Ba7 Ra8 25. Qf2 f5 26. Bb6 Qd6 27. Rc7
Re7 28. Rc4 Re6 29. Be3 Re8 30. Bc5 Qd8 31. Rb4 Qd7 32. Be3 Bf8 33. Ra4 Rb8 34.
Raa1 Qc7 35. d4 Bg7 36. d5 e4 37. Rad1 Be5 38. c4 b6 39. d6 Bxd6 40. Rxd6 Qxd6
41. Bf4 Re5 42. Qb2 Qc5+ 43. Kh1 Rb7 44. b4 Qxc4 45. Qxe5 Rf7 46. Rd1 Qxb4 47.
Bh6 1-0

[Event "Championnat de France des Jeunes - Pupil"]
[Site "TROYES"]
[Date "2010.04.16"]
[Round "7.9"]
[White "Meunier, Clement"]
[Black "Boudia, Samy"]
[Result "0-1"]
[WhiteElo "1813"]
[BlackElo "1633"]
[PlyCount "152"]

1. e4 e6 2. d4 d5 3. Nc3 Nf6 4. Bg5 dxe4 5. Nxe4 Be7 6. Bxf6 Bxf6 7. Nf3 Nd7 8.
Bd3 c5 9. c3 cxd4 10. Nxd4 O-O 11. Nxf6+ Qxf6 12. Qc2 g6 13. O-O-O Nc5 14. h4
b6 15. Be4 Qf4+ 16. Kb1 Qxe4 17. f3 Qxc2+ 18. Kxc2 Bb7 19. h5 e5 20. Nb5 Rfd8
21. Nd6 Ba6 22. c4 Nb7 23. Ne4 Rxd1 24. Rxd1 Rd8 25. Re1 Bxc4 26. Kc3 Rc8 27.
Kd2 Bxa2 28. Ra1 Rd8+ 29. Ke3 Bd5 30. Rxa7 Bxe4 31. Kxe4 Nc5+ 32. Kxe5 Nd3+ 33.
Kf6 gxh5 34. b3 Rd6+ 35. Kg5 Kg7 36. Ra1 Nc5 37. b4 Rd5+ 38. Kf4 Rd4+ 39. Kg5
Rxb4 40. g4 hxg4 41. fxg4 Rb5 42. Ra8 Ra5 43. Re8 Nd7+ 44. Kf4 Ra4+ 45. Kf5
Rxg4 46. Rd8 Rd4 47. Re8 b5 48. Re3 b4 49. Rg3+ Kf8 50. Rh3 Rd5+ 51. Ke4 Nf6+
52. Kf4 Rb5 53. Rb3 Nd7 54. Ke3 Nc5 55. Rb2 b3 56. Kd2 Na4 57. Rb1 b2 58. Kc2
Ke7 59. Re1+ Kd6 60. Rd1+ Kc6 61. Rf1 b1=Q+ 62. Rxb1 Rxb1 63. Kxb1 h5 64. Kc2
h4 65. Kd3 h3 66. Ke4 h2 67. Kf4 h1=Q 68. Ke5 Qh6 69. Ke4 Nc5+ 70. Kd4 Qf4+ 71.
Kc3 Qe5+ 72. Kc2 Kb5 73. Kb1 Kb4 74. Kc2 Qe2+ 75. Kc1 Kb3 76. Kb1 Qb2# 0-1

[Event "Championnat de France des Jeunes - Pupil"]
[Site "TROYES"]
[Date "2010.04.16"]
[Round "7.10"]
[White "Dias, Theodore"]
[Black "Guedon, Sosthene"]
[Result "0-1"]
[WhiteElo "1765"]
[BlackElo "1607"]
[PlyCount "58"]

1. e4 c5 2. Nf3 d6 3. d4 cxd4 4. Nxd4 Nf6 5. Nc3 g6 6. Be3 Bg7 7. f3 Nc6 8. Qd2
O-O 9. Bc4 Bd7 10. O-O-O Rc8 11. Bb3 Ne5 12. Kb1 Re8 13. h4 h5 14. g4 hxg4 15.
h5 Nxh5 16. Rdg1 Qa5 17. f4 Nc4 18. Bxc4 Rxc4 19. f5 Qb4 20. fxg6 fxg6 21. a3
Rxd4 22. Bxd4 Qxd4 23. Qg5 Qf6 24. Qd5+ Qe6 25. Qd3 Bc6 26. Nd5 Qe5 27. c3 Nf4
28. Nxf4 Bxe4 29. Rh8+ Bxh8 0-1

[Event "Championnat de France des Jeunes - Pupillettes"]
[Site "CHAMPIONNAT DE FRANCE PUPILLETTES"]
[Date ""]
[Round "7.1"]
[White "Joudelat, Noemie"]
[Black "Baldi, Valentine"]
[Result "1-0"]
[WhiteElo "1763"]
[BlackElo "1635"]
[Annotator ""]

1. e4 c6 2. Nc3 d5 3. Nf3 Bg4 4. h3 Bxf3 5. Qxf3 e6 6. a3 Nd7 7. g3 dxe4 8.
Nxe4 Ngf6 9. Bg2 Nxe4 10. Qxe4 Nf6 11. Qe2 Be7 12. O-O O-O 13. b4 Qb6 14. Rb1
a5 15. b5 Qc5 16. c4 Rad8 17. d3 h6 18. Rd1 Rc8 19. d4 Qd6 20. c5 Qd7 21. Bd2
Qxd4 22. Bb4 Qxd1+ 23. Rxd1 axb4 24. axb4 Nd5 25. Bxd5 cxd5 26. b6 Rc6 27. Ra1
Rb8 28. Qb5 Bf6 29. Ra7 Rcc8 30. Qd7 Rd8 31. Qc7 Rdc8 32. Rxb7 Ra8 33. Qxf7+
Kh8 34. Ra7 Rab8 35. b7 Rd8 36. c6 Rg8 37. c7 Rbe8 38. c8=Q Rxc8 39. bxc8=Q
Rxc8 40. Qxe6 Rd8 41. Rd7 Rb8 42. Qd6 Rb5 43. Rc7 d4 44. Qd7 Rg5 45. h4 Re5 46.
b5 Rh5 47. Qe8+ Kh7 48. Qxh5 1-0

[Event "Championnat de France des Jeunes - Pupil"]
[Site "CHAMPIONNAT DE FRANCE PUPILLET"]
[Date "2010.04.16"]
[Round "7.2"]
[White "Banat, Rizlene"]
[Black "Duval, Claire"]
[Result "1-0"]
[WhiteElo "1608"]
[BlackElo "1750"]
[PlyCount "127"]

1. Nf3 d5 2. c4 c6 3. g3 Bg4 4. Ne5 Bh5 5. Bg2 Nd7 6. Nxd7 Qxd7 7. cxd5 cxd5 8.
d4 Nf6 9. Nc3 e6 10. O-O Be7 11. Bf4 O-O 12. Rc1 Rac8 13. Qd2 Bg6 14. a3 b5 15.
Na2 Qb7 16. Rxc8 Rxc8 17. Rc1 Nd7 18. Rxc8+ Qxc8 19. Qc3 Qxc3 20. Nxc3 a6 21.
e4 dxe4 22. Nxe4 Nb6 23. Nc5 Nc4 24. Bc1 Bf6 25. Nxa6 Bxd4 26. b3 Na5 27. b4
Nb3 28. Be3 Bb2 29. Bf1 Bxa3 30. Bxb5 Kf8 31. Bc6 Ke7 32. b5 Bd3 33. Nc7 Na5
34. Bf3 Bd6 35. b6 Bxc7 36. bxc7 Ba6 37. Bd2 Nb3 38. Bc3 g6 39. Bd1 Nc1 40. Bd2
Na2 41. Bb3 Kd7 42. Bxa2 Kxc7 43. f4 h5 44. Kf2 Bd3 45. Ke3 Bf5 46. Bb4 Kd8 47.
Kd4 Bh3 48. Ke5 Bg2 49. Kf6 Ke8 50. Bb3 Bc6 51. Bd1 Bd7 52. Ba3 Bc6 53. f5 exf5
54. Bb3 h4 55. Bxf7+ Kd8 56. gxh4 f4 57. Bxg6 f3 58. Bc5 Bd5 59. h5 Bg8 60. h6
Kd7 61. h7 Bxh7 62. Bxh7 Kc6 63. Bf2 Kd7 64. Bg6 1-0

[Event "Championnat de France des Jeunes - Pupil"]
[Site "CHAMPIONNAT DE FRANCE PUPILLET"]
[Date "2010.04.16"]
[Round "7.3"]
[White "Auvray, Honorine"]
[Black "Imperor, Lorene"]
[Result "1/2-1/2"]
[WhiteElo "1713"]
[BlackElo "1633"]
[PlyCount "101"]

1. e4 c5 2. Nf3 Nc6 3. d4 cxd4 4. Nxd4 e5 5. Nb5 d6 6. N1c3 a6 7. Na3 b5 8. Nd5
Nge7 9. c4 Nd4 10. cxb5 Nxd5 11. exd5 Qh4 12. Be3 Nf5 13. Qd2 Be7 14. bxa6 Nxe3
15. Qxe3 Bg5 16. Bb5+ Bd7 17. Bxd7+ Kxd7 18. Qe2 Qb4+ 19. Kf1 Rhb8 20. Nc4 Bf6
21. Rb1 Qa4 22. a3 Qxa6 23. b4 Qb5 24. f3 Be7 25. Kf2 Bd8 26. Rhd1 Bb6+ 27. Kf1
Bd4 28. Qd3 Qxd5 29. Ne3 Qb5 30. Qxb5+ Rxb5 31. Nf5 Rxa3 32. Nxd4 exd4 33. Rxd4
d5 34. Ke2 Ke6 35. Rd3 Ra2+ 36. Rd2 Rxd2+ 37. Kxd2 Ke5 38. Kd3 d4 39. Kc4 Rb7
40. b5 Rc7+ 41. Kd3 Rc3+ 42. Kd2 Rc7 43. b6 Rb7 44. Kd3 Kd5 45. f4 Kc5 46. Rc1+
Kd5 47. Rb1 Kc5 48. g4 Kd5 49. h4 Kc5 50. Rb2 Kd5 51. Rb4 1/2-1/2

[Event "Championnat de France des Jeunes - Pupil"]
[Site "CHAMPIONNAT DE FRANCE PUPILLET"]
[Date "2010.04.16"]
[Round "7.4"]
[White "Thomas, Apolline"]
[Black "Malassagne, Isabelle"]
[Result "0-1"]
[WhiteElo "1600"]
[BlackElo "1680"]
[PlyCount "120"]

1. d4 Nf6 2. c4 c5 3. e3 cxd4 4. exd4 g6 5. Nc3 Bg7 6. Nf3 O-O 7. Be2 d5 8. c5
Nc6 9. O-O Bf5 10. h3 Rc8 11. Be3 b6 12. cxb6 Qxb6 13. Na4 Qd8 14. Rc1 Na5 15.
Rxc8 Qxc8 16. Nc5 Nd7 17. Qa4 Nxc5 18. Qxa5 Ne6 19. Rc1 Qb7 20. b3 h5 21. Ba6
Qb6 22. Qxb6 axb6 23. Bb7 Be4 24. Nd2 Nxd4 25. Bxd4 Bxd4 26. Nxe4 dxe4 27. Bxe4
Bc5 28. Rd1 Bd6 29. Rc1 Bc5 30. Rd1 Rc8 31. a4 Bd6 32. f3 Rc3 33. Bd5 Rc2 34.
Bc4 Kg7 35. Ra1 Bc5+ 36. Kh2 Bd6+ 37. Kg1 Bc5+ 38. Kh2 h4 39. Re1 g5 40. Ra1
Rd2 41. a5 bxa5 42. Rxa5 Bd6+ 43. Kg1 f6 44. Rd5 Rb2 45. Rd1 Kg6 46. Bd3+ Kg7
47. Bc4 Kf8 48. Ra1 Ke8 49. Re1 Kd7 50. Be6+ Kc6 51. Rc1+ Kb5 52. Kf1 Bc5 53.
Bd7+ Kb6 54. Ba4 Rf2+ 55. Ke1 Rxg2 56. Bd7 Rg1+ 57. Kd2 Be3+ 58. Kxe3 Rxc1 59.
Kd3 Rd1+ 60. Kc4 Rxd7 0-1

[Event "Championnat de France des Jeunes - Pupil"]
[Site "CHAMPIONNAT DE FRANCE PUPILLET"]
[Date "2010.04.16"]
[Round "7.5"]
[White "Broly, Marine"]
[Black "Fraval, Julie"]
[Result "1-0"]
[WhiteElo "1590"]
[BlackElo "1640"]
[PlyCount "101"]

1. e4 c5 2. Nc3 Nc6 3. Nf3 d6 4. d4 cxd4 5. Nxd4 g6 6. Be3 Nf6 7. f3 Bg7 8. Qd2
O-O 9. g4 a6 10. a3 b5 11. Nxc6 Qc7 12. Nb4 Bb7 13. h4 a5 14. Nd3 b4 15. axb4
axb4 16. Rxa8 Rxa8 17. Nxb4 Ra1+ 18. Kf2 Qa5 19. Nd3 d5 20. exd5 Nxd5 21. Nxd5
Qxd5 22. Bg2 Rxh1 23. Bxh1 Bd4 24. Bxd4 Qxd4+ 25. Qe3 Qd6 26. Bg2 e6 27. Qe5
Qb6+ 28. Qc5 Qd8 29. Kg3 Qf6 30. Qb5 Qe7 31. Qc5 Qd8 32. Kh3 Qa8 33. Kg3 Qb8+
34. f4 Ba6 35. Nb4 Be2 36. c3 Qd8 37. Qe3 Qd1 38. Bf3 Bxf3 39. Qxf3 Qg1+ 40.
Kh3 Qa7 41. Qd3 Qb7 42. Kh2 Qb6 43. Kg2 Qb7+ 44. Qf3 Qd7 45. Qf2 Qb7+ 46. Kh2
Qe4 47. h5 gxh5 48. gxh5 Qf5 49. Qg3+ Kf8 50. Qg5 Qa5 51. Qxa5 1-0

[Event "Championnat de France des Jeunes - Pupil"]
[Site "CHAMPIONNAT DE FRANCE PUPILLET"]
[Date "2010.04.16"]
[Round "7.6"]
[White "Jacob, Eva"]
[Black "Dory, Manon"]
[Result "0-1"]
[WhiteElo "1500"]
[BlackElo "1604"]
[PlyCount "112"]

1. e4 c5 2. d4 cxd4 3. c3 d5 4. exd5 Qxd5 5. cxd4 Nc6 6. Be3 Nf6 7. Nc3 Qd8 8.
Bc4 Bf5 9. Nf3 e6 10. O-O Be7 11. d5 exd5 12. Nxd5 Nxd5 13. Bxd5 Qc7 14. Rc1
Bd7 15. Qd2 Bd6 16. Rfd1 Be7 17. Bxf7+ Kxf7 18. Qxd7 Qxd7 19. Rxd7 Rab8 20. Bf4
Ke6 21. Bxb8 Kxd7 22. Bg3 Ke6 23. Re1+ Kf7 24. Rd1 Ke6 25. h3 Rc8 26. Rc1 Rd8
27. Re1+ Kf7 28. Ne5+ Nxe5 29. Bxe5 Rd2 30. Bxg7 Bc5 31. Bc3 Bxf2+ 32. Kf1 Bxe1
33. Bxd2 Bxd2 34. b3 Kf6 35. Ke2 Bg5 36. g4 h6 37. a3 a5 38. a4 Ke5 39. Kd3 Kd5
40. Kc3 Kc5 41. Kb2 Kd4 42. Kc2 b6 43. Kb2 Ke3 44. Kc3 Kf3 45. Kc4 Be3 46. Kd3
Bc5 47. Kd2 Kg3 48. Ke2 Kxh3 49. Kf3 Bd6 50. Ke2 Kxg4 51. Kf2 h5 52. Kg2 h4 53.
Kh1 h3 54. Kg1 h2+ 55. Kg2 Kh4 56. Kh1 Kg3 0-1

[Event "Championnat de France des Jeunes - Pupil"]
[Site "CHAMPIONNAT DE FRANCE PUPILLET"]
[Date "2010.04.16"]
[Round "7.7"]
[White "Dedisse, Mariane"]
[Black "Le Berre, Audrey"]
[Result "0-1"]
[WhiteElo "1550"]
[BlackElo "1480"]
[PlyCount "78"]

1. d4 Nf6 2. c4 g6 3. Nc3 Bg7 4. Bf4 O-O 5. e3 b6 6. Nf3 Bb7 7. Bd3 d5 8. O-O
Nbd7 9. Ne5 c6 10. b3 Nh5 11. Nxd7 Qxd7 12. Re1 Nxf4 13. exf4 Bxd4 14. Qd2 dxc4
15. bxc4 c5 16. g3 Rad8 17. Rad1 Bf3 18. Be2 Bxe2 19. Rxe2 Qg4 20. Nd5 e6 21.
Qxd4 exd5 22. Qd3 dxc4 23. Qc2 Rxd1+ 24. Qxd1 c3 25. Qc2 Rd8 26. Re3 Qd1+ 27.
Qxd1 Rxd1+ 28. Kg2 c2 29. Rc3 c1=Q 30. Rxc1 Rxc1 31. f5 gxf5 32. g4 c4 33. gxf5
c3 34. f6 Rd1 35. f4 c2 36. h4 c1=Q 37. h5 Rd3 38. h6 Qc2+ 39. Kf1 Rd1# 0-1

[Event "Championnat de France des Jeunes - Pupil"]
[Site "CHAMPIONNAT DE FRANCE PUPILLET"]
[Date "2010.04.16"]
[Round "7.8"]
[White "Leriche, Ines"]
[Black "Bellahcene, Anissa"]
[Result "0-1"]
[WhiteElo "1536"]
[BlackElo "1350"]
[PlyCount "122"]

1. d4 d5 2. c4 e6 3. Nc3 Nf6 4. cxd5 exd5 5. Bg5 Nbd7 6. e3 Be7 7. Bd3 O-O 8.
Qc2 b6 9. Nf3 Bb7 10. O-O Ne4 11. Bxe7 Qxe7 12. Bxe4 dxe4 13. Nd2 Nf6 14. Rac1
Rac8 15. Rfd1 Rfd8 16. Nf1 c5 17. dxc5 Rxc5 18. Rxd8+ Qxd8 19. Ng3 Qe7 20. Qd2
h6 21. Nce2 Ba6 22. Rxc5 Qxc5 23. Qc3 Nd7 24. Qxc5 Nxc5 25. Kf1 Kf8 26. b3 Ke7
27. b4 Nd3 28. a3 g5 29. Nxe4 Nc1 30. N4c3 Nxe2 31. Nxe2 Kd6 32. Ke1 Kd5 33.
Nd4 Kc4 34. Kd2 Kd5 35. Kc3 Bf1 36. g3 f6 37. f3 Bg2 38. e4+ Kd6 39. Kd3 h5 40.
Ke3 a5 41. bxa5 bxa5 42. f4 g4 43. Nf5+ Kc5 44. Ng7 Kc4 45. Nxh5 Kb3 46. Nxf6
Kxa3 47. e5 Kb3 48. e6 Bc6 49. Nd7 a4 50. f5 a3 51. f6 a2 52. f7 a1=Q 53. f8=Q
Qc1+ 54. Kf2 Qc2+ 55. Ke3 Qc3+ 56. Ke2 Bb5+ 57. Kf2 Qd2+ 58. Kg1 Qd1+ 59. Kf2
Qd2+ 60. Kg1 Qe1+ 61. Kg2 Bc6+ 0-1

[Event "Championnat de France des Jeunes - Pupil"]
[Site "CHAMPIONNAT DE FRANCE PUPILLET"]
[Date "2010.04.16"]
[Round "7.9"]
[White "Le Bihan, Alison"]
[Black "Quelennec, Amelie"]
[Result "0-1"]
[WhiteElo "1320"]
[BlackElo "1530"]
[PlyCount "90"]

1. d4 b6 2. e4 Bb7 3. Nc3 e6 4. Bd3 Bb4 5. Bf4 Nf6 6. Bg5 h6 7. Bh4 g5 8. Bg3
Nxe4 9. Bxe4 Bxe4 10. Nf3 Nc6 11. O-O Bxc3 12. bxc3 d5 13. Ne5 Nxe5 14. Bxe5
Rh7 15. f3 Bg6 16. Qe2 c6 17. c4 f6 18. Bg3 Qd7 19. Rae1 Kf7 20. f4 dxc4 21.
Qxc4 Qd5 22. Qxd5 cxd5 23. fxg5 hxg5 24. Be5 f5 25. Rc1 Rc8 26. Rf2 Ke7 27. c4
Rxc4 28. Rxc4 dxc4 29. Rc2 b5 30. a4 a6 31. axb5 axb5 32. Rb2 Be8 33. Ra2 Kf7
34. Ra7+ Kg6 35. Rxh7 Kxh7 36. Bd6 Kg6 37. Kf2 f4 38. Kf3 Kf5 39. Bc5 Bc6+ 40.
Kf2 Ke4 41. Ke2 Kd5 42. Kd2 e5 43. Kc3 exd4+ 44. Bxd4 b4+ 45. Kxb4 Kxd4 0-1

[Event "Championnat de France des Jeunes - Pupil"]
[Site "CHAMPIONNAT DE FRANCE PUPILLET"]
[Date "2010.04.16"]
[Round "7.10"]
[White "Craquelin, Mathie"]
[Black "Terrazzoni, Claire"]
[Result "0-1"]
[WhiteElo "1410"]
[BlackElo "1530"]
[PlyCount "124"]

1. e4 c5 2. Nf3 d6 3. Nc3 Nf6 4. d3 g6 5. Be2 Bg7 6. O-O O-O 7. Bg5 Nc6 8. Re1
Be6 9. d4 cxd4 10. Nxd4 Qb6 11. Ndb5 a6 12. Be3 Qd8 13. Nd4 Nxd4 14. Bxd4 Rc8
15. Bf3 Nd7 16. Bxg7 Kxg7 17. e5 Nxe5 18. Bxb7 Rb8 19. Bxa6 Rxb2 20. Rb1 Rxb1
21. Qxb1 Qa5 22. Re3 Qxa6 23. Qa1 Kg8 24. Ne4 Qxa2 25. Qxa2 Bxa2 26. Rh3 Rb8
27. Kf1 Rb2 28. Ng5 h5 29. Rc3 Nc4 30. Ke2 d5 31. Kd3 Ne5+ 32. Kd4 Ng4 33. Rc8+
Kg7 34. Rc7 Kf6 35. Nh7+ Ke6 36. Nf8+ Kf6 37. Nh7+ Kg7 38. Ng5 e5+ 39. Kc3 Rb5
40. Nxf7 d4+ 41. Kd3 Bxf7 42. f3 Nxh2 43. Ke2 g5 44. Kf2 g4 45. fxg4 Nxg4+ 46.
Ke2 Ne3 47. g3 Rb2 48. Kd3 Kf6 49. Rc6+ Kg5 50. Ke4 Bd5+ 51. Kd3 Bxc6 52. c3
dxc3 53. Kxc3 Rg2 54. Kb4 Rxg3 55. Kc5 h4 56. Kxc6 h3 57. Kd6 h2 58. Kxe5 h1=Q
59. Ke6 Qd5+ 60. Ke7 Kf5 61. Ke8 Rg7 62. Kf8 Qf7# 0-1